LIBRARY & INFORMATION CENTRE, KCAET, TAVANUR

ONLINE PUBLIC ACCESS CATALOGUE (OPAC)

Q&A in Agricultural Science (Record no. 15555)

MARC details
000 -LEADER
fixed length control field 00364nam a22001457a 4500
003 - CONTROL NUMBER IDENTIFIER
control field OSt
008 - FIXED-LENGTH DATA ELEMENTS--GENERAL INFORMATION
fixed length control field 190515b ||||| |||| 00| 0 eng d
020 ## - INTERNATIONAL STANDARD BOOK NUMBER
ISBN 9789385516993
082 ## - DEWEY DECIMAL CLASSIFICATION NUMBER
Classification number 630
Item number RUP/QA
100 ## - MAIN ENTRY--AUTHOR NAME
Personal name Rupinder,Singh
245 ## - TITLE STATEMENT
Title Q&A in Agricultural Science
260 ## - PUBLICATION, DISTRIBUTION, ETC. (IMPRINT)
Place of publication New Delhi
Name of publisher New India Publishing House
Year of publication 2018
300 ## - PHYSICAL DESCRIPTION
Number of Pages 177 p
942 ## - ADDED ENTRY ELEMENTS (KOHA)
Koha item type Books
Holdings
Withdrawn status Lost status Damaged status Collection code Home library Current library Shelving location Date acquired Cost, normal purchase price Full call number Accession Number Koha item type
      Non-fiction KAUAET KAUAET General Stacks 15/05/2019 180.00 630 RUP/QA 25768 Books
free website counter